Statistics for ②東北編 JR定期特急停車駅

Click here to take the quiz!

General Stats

  • This quiz has been taken 41 times
  • The average score is 30 of 36

Answer Stats

AnswerHint% Correct
青森
100%
秋田
100%
いわき
100%
弘前
100%
仙台
100%
新青森
100%
秋田
100%
原ノ町
94%
酒田
94%
東能代
91%
相馬
91%
八郎潟一部停車
91%
羽後本荘
91%
岩沼一部停車
91%
双葉
89%
鶴岡
89%
大鰐温泉
89%
大館
86%
あつみ温泉
86%
83%
鷹ノ巣
83%
仁賀保
83%
余目
83%
浪江
83%
湯本
80%
勿来一部停車
80%
亘理一部停車
71%
大野
71%
富岡
69%
象潟
69%
遊佐
66%
碇ヶ関一部停車
66%
広野
63%
浪岡一部停車
63%
二ツ井一部停車
54%
森岳一部停車
46%

Score Distribution

Percentile by Number Answered

Percent of People with Each Score

Your Score History

You have not taken this quiz